000 00695 a2200253 4500
001 200128612
003 TR-AnTOB
005 20250513142303.0
008 130210s2009 enk 000 0
020 _a0582416418
040 _cTR-AnTOB
041 0 _aeng
050 0 0 _aPE
099 _aPE EASY PEA L3 BUC 2000
100 1 _aBuchan, John
_99278
245 1 4 _aThe thirty-nine steps /
_cJohn Buchan ; retold by Pieter Koster.
264 1 _aLondon :
_bPenguin,
_c2000.
300 _a81 p.
_c20 cm.
650 0 0 _95872
_aEnglish language
_xStudy and teaching
650 0 7 _aİngiliz dili
_xÇalışma ve öğretim
_2etuturkob
_917226
700 1 _aKoster, Pieter
_920046
942 _cBK
_2lcc
999 _c200128612
_d32358